Systémové a legislatívne zabezpečenie ochrany spotrebiteľa v SR

Niektoré faktografické údaje spojené s procesom transformácie našej ekonomiky v sektore obchodu a služieb, ktorý v priamom i nepriamom spojení ovplyvňuje postavenie spotrebiteľa a spotrebiteľských organizácií. Pozitíva a negatíva, ktoré priniesol proces transformácie v obchode a službách. Základné d...

Description complète

Enregistré dans:
Détails bibliographiques
Auteur principal: Szabóová, Eva
Format: Chapitre de livre
Langue:slovaque
Sujets:
Tags: Ajouter un tag
Pas de tags, Soyez le premier à ajouter un tag!

MARC

LEADER 00000naa a2200000 4500
001 r019203
005 20221213101518.1
041 0 |a slo 
044 |a SK 
245 1 0 |a Systémové a legislatívne zabezpečenie ochrany spotrebiteľa v SR  |c Eva Szabóová 
520 |a Niektoré faktografické údaje spojené s procesom transformácie našej ekonomiky v sektore obchodu a služieb, ktorý v priamom i nepriamom spojení ovplyvňuje postavenie spotrebiteľa a spotrebiteľských organizácií. Pozitíva a negatíva, ktoré priniesol proces transformácie v obchode a službách. Základné dokumenty na tvorbu spotrebiteľskej politiky v SR. Zodpovednosť vlády v zmysle smernice OSN. Pôsobnosť zákona č.634/1992 Zb. o ochrane spotrebiteľa. Postavenie občianskych združení založených na ochranu spotrebiteľa. 
610 2 0 |a ochrana spotrebiteľa 
610 2 0 |a Slovensko 
610 2 0 |a legislatíva 
610 2 0 |a zákony 
610 2 0 |a 1992 
610 2 0 |a predpisy právne 
610 2 0 |a združenia občianske 
100 1 |a Szabóová, Eva